000 01590cam a2200217 4500
001 ABS63347
008 000000n2000 000 0 eng u
035 _a(Sirsi) u109995
100 _aShiers, D
245 _a'Green' developments: environmentally responsible buildings in the UK commercial property sector
260 _c2000
490 _aProperty Management
_v18(5) 2000, 352-365(14)
520 _aWithin the past 10 years, the design, procurement and management of 'green' buildings has evolved from something of a 'fringe' activity into a new and increasingly popular approach to the provision of commercial property. Many UK government agencies and international corporations now include green buildings as part of their property portfolios and green issues are already influencing many aspects of the property development process. This paper explains some of the background to this more environmentally responsible approach to property, identifies the potential benefits to owners and occupiers and discusses some of the building-related environmental issues which could provide a basis for ongoing research. Concludes that the way commercial buildings are conceived, located, designed and managed is changing, often incorporating new technologies, to meet a new set of project-specific and organisational environmental objectives. Journal abstract. References.
590 _aABS
650 _aENVIRONMENTAL ISSUES
650 _aGREEN BUILDINGS
650 _aBUILDING MANAGEMENT
650 _aRESEARCH
690 _aPROPERTY MANAGEMENT-COMMERCIAL PROPERTY
942 _n0
999 _c65607
_d65607